| 000 | 00552cam a22001934a 4500 | ||
|---|---|---|---|
| 005 | 20250605163540.0 | ||
| 008 | 250528s ||||||||||||||||||||||||d | ||
| 035 | _a21554 | ||
| 020 | _a9789603431480 | ||
| 040 |
_aGR-AtMCL _bgre _dGR-AtMCL _eAACR2 |
||
| 245 | 1 | _aΕΙΣΑΓΩΓΗ ΣΤΗΝ ΟΙΚΟΝΟΜΙΚΗ ΤΩΝ ΕΠΙΧΕΙΡΗΣΕΩΝ | |
| 250 | _a2 | ||
| 260 |
_bΑδελφοι Κυριακιδη, _c1998 |
||
| 300 | _a193 | ||
| 700 | 1 | _aΤσακλαγκανος Αγγελος Α | |
| 942 | _cBK | ||
| 999 |
_c6616 _d6616 |
||